Представление документа в формате RUSMARC

ПолеНазваниеЗначение
  Тип записи a
  Библиографический уровень a
001 Контрольный номер RU/УОНБ/EK_Kray/649854333
005 Дата корректировки 20240131004958.5
100 Данные общей обработки __
a Данные общей обработки 20200804d2020 ||| 0rusy0189 ca
101 Язык документа 0_
a Язык текста rus
102 Страна публикации __
a Страна публикации RU
105 Кодированные данные (монография) __
a Кодированные данные (монография) y###||||000|y
200 Заглавие и сведения об ответственности 1_
a Заглавие Любовь к книге - это судьба
e Сведения, относящиеся к заглавию из интервью разных лет с книголюбом А. А. Пироговым
f Первые сведения об ответственности Анатолий Алексеевич Пирогов
g Последующие сведения об ответственности записала Людмила Дягилева
215 Физическое описание __
c Иллюстрации/тип воспроизводства 1 портр., 11 фот.
330 Аннотация __
a Аннотация Книголюб А. А. Пирогов (1929-2019). Крат. биогр. справка.
461 Уровень набора _0
1 2000
a Симбирскъ
1 011
463 Уровень физической единицы _0
1 001RU/УОНБ/EK_Kray/649849153
1 2000
a № 3
v С. 24-28
1 210
d 2020
600 Персоналии _1
a Персоналии (Фамилия) Пирогов, Анатолий Алексеевич
610 Ключевые слова 0_
a Ключевые слова книголюбы
610 Ключевые слова 0_
a Ключевые слова библиофилы
686 Индексы других классификаций __
a Классификационный индекс 76.106
2 Код системы rubbk
700 Автор _1
a Фамилия Пирогов
b Имя (инициалы) А. А.
g Полное личное имя Анатолий Алексеевич
4 Код отношения 460
702 Вторичная интеллектуальная ответственность _1
a Фамилия Дягилева
b Имя (инициалы) Л.
g Полное личное имя Людмила
4 Код отношения 470
801 Источник записи _0
a Страна RU
b Организация Ульяновская ОНБ
c Дата составления 20200804
g Правила каталогизации RCR
801 Источник записи _1
a Страна RU
b Организация Ульяновская ОНБ
c Дата составления 20200804
g Правила каталогизации RCR
901 Тип документа __
t Тип документа b
w Контрольный № источника RU/УОНБ/EK_Kray/649849153
909 Создатель записи __
a Создатель записи Бороденкова
938 Служебная информация __
a Имя БД kraeved_work
b Имя библиотеки УОНБ
c Имя АИБС МАРК-SQL
d Номер DOC_ID в БД 140662